00403nam a2200169Ia 4500003000400000005001700004008004100021020001700062040000700079041000800086082001300094100001800107245003900125260004000164300001600204365001300220OSt20230405092305.0210423s2009 xx 000 0 und d a978130912646 cAL aeng a890 KIDA aKIDWAI (A R). aLiterary orientalism: a companion. aNew DelhibViva Books Pvt Ltdc2009 axix,374bPB b895cINR